Vindicación del arte en la era del artificio

Shranjeno v:
Bibliografske podrobnosti
Glavni avtor: Martel, J.F (autor)
Format: Knjiga
Jezik:španščina
Izdano: Gerona Ediciones Atalanta S.L 2018
Izdaja:2a. ed
Serija:Memoria Mundi, 108
Teme:
Oznake: Označite
Brez oznak, prvi označite!

MARC

LEADER 00000cam a2200000 a 4500
001 UCC9955
003 CL-VaPUC
005 20220405074127.0
008 191129e20180000sp spa d
020 |a 9788494613616 
082 0 4 |a 700.117  |b MAR  |2 21 
100 |a Martel, J.F.  |e autor  |9 458673 
245 1 0 |a Vindicación del arte en la era del artificio 
250 |a 2a. ed 
260 |a Gerona  |b Ediciones Atalanta S.L  |c 2018 
300 |a 195 p 
490 0 |a Memoria Mundi, 108 
583 |a last modification  |c 20191129 11:37:00  |k cmena 
650 0 0 |a Estética   |9 264950 
650 0 0 |a Arte y sociedad   |9 306277 
942 |c BK 
945 |a dcastane  |d 20191129 11:37:00 
999 |c 295668  |d 295666 
952 |0 0  |1 0  |3 erb  |4 0  |6 700_117000000000000_MAR_2018  |7 0  |8 A  |9 495561  |a BIBART  |b BIBART  |d 2019-11-22  |e 4  |g 25000.00  |i 5566177  |o 700.117 MAR 2018  |p 5566177  |r 2025-03-13  |t 1  |w 2020-01-06  |y BK  |z Catalogado en:20191129  |k ART